| 000 | 00706 a2200277 4500 | ||
|---|---|---|---|
| 001 | 105932 | ||
| 020 | _a0064450791 | ||
| 020 | _a0329019333 | ||
| 020 | _a1413114407 | ||
| 041 | _aeng | ||
| 082 | _aAP SK 595 | ||
| 092 | _a88048244 | ||
| 100 | _aDorros, Arthur. | ||
| 250 | _a. ed. | ||
| 300 | _a28 p. | ||
| 490 | _aLet's-read-and-find-out science. Stage 2 | ||
| 697 | _aAnts - Behavior | ||
| 697 | _aAnts - Habits and behavior. | ||
| 830 | _aLet's-read-and-find-out science. Stage 2 | ||
| 856 | _u00002a/00002a5f.jpg | ||
| 040 |
_aBR-BrIDEA _cBR-BrIDEA |
||
| 090 |
_aAP SK 595 _bDOR |
||
| 245 | 1 | 0 |
_aAnt cities _c Arthur Dorros |
| 260 |
_aNew York _bHarperCollins _c1987 |
||
| 942 | _cBK | ||
| 999 |
_c105932 _d105932 |
||